[Event "2016 Redpath Mining Millionaire Chess Open"]
[Site "Venue: Old Ed’s Sports Complex, Houghton, Johannesburg"]
[Date "2016.07.17"]
[Round "9"]
[Board "6"]
[White "Tembo, Epah"]
[Black "Basson, Petrus"]
[Result "1-0"]
[WhiteElo "1919"]
[BlackElo "1679"]
[PlyCount "0"]
[EventDate "2016.07.13"]
[EventRounds "9"]
[EventCountry "RSA"]

1. e4 {[%clk 1:30:56]} c5 {[%clk 1:30:33]} 2. Nc3 {[%clk 1:31:13]} g6
{[%clk 1:29:34]} 3. g3 {[%clk 1:31:29]} Nc6 {[%clk 1:29:14]} 4. Bg2
{[%clk 1:31:50]} Bg7 {[%clk 1:29:03]} 5. d3 {[%clk 1:32:06]} a6 {[%clk 1:27:00]}
6. Be3 {[%clk 1:32:18]} d6 {[%clk 1:26:08]} 7. Qd2 {[%clk 1:31:10]} Nf6
{[%clk 1:23:23]} 8. h3 {[%clk 1:31:24]} O-O {[%clk 1:20:34]} 9. Bh6
{[%clk 1:31:36]} Bd7 {[%clk 1:16:13]} 10. Bxg7 {[%clk 1:31:43]} Kxg7
{[%clk 1:16:40]} 11. f4 {[%clk 1:31:46]} Rb8 {[%clk 1:09:26]} 12. Nge2
{[%clk 1:31:41]} b5 {[%clk 1:08:51]} 13. O-O {[%clk 1:31:45]} e6 {[%clk 1:05:00]}
14. g4 {[%clk 1:31:37]} b4 {[%clk 1:04:57]} 15. Nd1 {[%clk 1:31:57]} Nd4
{[%clk 0:52:22]} 16. Ng3 {[%clk 1:28:46]} Ng8 {[%clk 0:48:44]} 17. c3
{[%clk 1:27:35]} Qh4 {[%clk 0:46:03]} 18. Kh2 {[%clk 1:26:54]} Nc6
{[%clk 0:41:13]} 19. Ne3 {[%clk 1:21:51]} f5 {[%clk 0:36:03]} 20. exf5
{[%clk 1:20:49]} gxf5 {[%clk 0:34:20]} 21. gxf5 {[%clk 1:20:30]} exf5
{[%clk 0:34:30]} 22. Bxc6 {[%clk 1:20:38]} Be6 {[%clk 0:32:54]} 23. Bd5
{[%clk 1:20:26]} Bxd5 {[%clk 0:32:46]} 24. Ngxf5+ {[%clk 1:20:42]} 1-0

[Event "2016 Redpath Mining Millionaire Chess Open"]
[Site "Venue: Old Ed’s Sports Complex, Houghton, Johannesburg"]
[Date "2016.07.17"]
[Round "9"]
[Board "7"]
[White "Oberholzer, Marni"]
[Black "February, Jesse Nikki"]
[Result "0-1"]
[WhiteElo "1643"]
[BlackElo "1906"]
[PlyCount "0"]
[EventDate "2016.07.13"]
[EventRounds "9"]
[EventCountry "RSA"]

1. d4 {[%clk 1:30:56]} Nf6 {[%clk 1:30:53]} 2. Nf3 {[%clk 1:31:11]} e6
{[%clk 1:31:17]} 3. c4 {[%clk 1:31:22]} d5 {[%clk 1:31:31]} 4. cxd5
{[%clk 1:31:17]} exd5 {[%clk 1:31:53]} 5. Bg5 {[%clk 1:30:55]} c6
{[%clk 1:31:46]} 6. Nc3 {[%clk 1:29:38]} Bd6 {[%clk 1:27:29]} 7. e3
{[%clk 1:26:34]} O-O {[%clk 1:26:42]} 8. Bd3 {[%clk 1:26:01]} Nbd7
{[%clk 1:27:03]} 9. O-O {[%clk 1:25:07]} Re8 {[%clk 1:23:48]} 10. Rb1
{[%clk 1:16:00]} Qc7 {[%clk 1:22:59]} 11. Qc2 {[%clk 1:09:07]} b6
{[%clk 1:22:01]} 12. Rfc1 {[%clk 1:07:05]} a6 {[%clk 1:21:18]} 13. a4
{[%clk 1:04:21]} c5 {[%clk 1:17:58]} 14. dxc5 {[%clk 0:58:46]} bxc5
{[%clk 1:17:17]} 15. b3 {[%clk 0:57:18]} Bb7 {[%clk 1:16:30]} 16. Ne2
{[%clk 0:47:54]} Rac8 {[%clk 1:11:50]} 17. Bf4 {[%clk 0:43:26]} Bxf4
{[%clk 0:58:04]} 18. Nxf4 {[%clk 0:43:29]} d4 {[%clk 0:57:51]} 19. Nxd4
{[%clk 0:36:08]} Qe5 {[%clk 0:50:37]} 20. Nde2 {[%clk 0:28:55]} g5
{[%clk 0:46:32]} 21. Nh3 {[%clk 0:20:00]} Qd5 {[%clk 0:46:34]} 22. f3
{[%clk 0:19:42]} Rxe3 {[%clk 0:45:01]} 23. Rd1 {[%clk 0:16:53]} Qe5
{[%clk 0:43:49]} 24. Ng3 {[%clk 0:14:59]} g4 {[%clk 0:08:42]} 25. fxg4
{[%clk 0:06:21]} Nf8 {[%clk 0:07:10]} 26. Nf2 {[%clk 0:03:06]} Ne6
{[%clk 0:03:06]} 27. Nf5 {[%clk 0:02:08]} Nd4 {[%clk 0:02:49]} 28. Qd2
{[%clk 0:01:30]} Nxf5 {[%clk 0:02:55]} 29. Bxf5 {[%clk 0:01:48]} Re8
{[%clk 0:02:20]} 30. Nd3 {[%clk 0:01:19]} Qd4 {[%clk 0:02:22]} 31. Qf2
{[%clk 0:00:44]} Re2 {[%clk 0:01:19]} 32. Qxd4 {[%clk 0:00:50]} Rxg2+
{[%clk 0:01:41]} 33. Kf1 {[%clk 0:01:11]} cxd4 {[%clk 0:02:08]} 34. h3
{[%clk 0:01:01]} Rh2 {[%clk 0:01:25]} 35. Nf4 {[%clk 0:00:44]} Re3
{[%clk 0:01:14]} 36. g5 {[%clk 0:00:47]} Rh1+ {[%clk 0:01:11]} 37. Kf2
{[%clk 0:01:03]} Rxd1 {[%clk 0:01:35]} 38. Rxd1 {[%clk 0:01:25]} Rf3+
{[%clk 0:02:01]} 39. Ke1 {[%clk 0:01:35]} Rxf4 {[%clk 0:02:21]} 40. gxf6
{[%clk 0:01:46]} Rxf5 {[%clk 0:02:46]} 41. Rxd4 {[%clk 0:01:59]} Rxf6
{[%clk 0:03:08]} 42. b4 {[%clk 0:02:09]} Rh6 {[%clk 0:03:01]} 43. h4
{[%clk 0:02:29]} Bc6 {[%clk 0:02:45]} 44. b5 {[%clk 0:02:26]} axb5
{[%clk 0:02:59]} 45. a5 {[%clk 0:02:47]} Re6+ {[%clk 0:01:21]} 46. Kd2
{[%clk 0:03:06]} Re4 {[%clk 0:01:29]} 47. Rd8+ {[%clk 0:02:43]} Kg7
{[%clk 0:01:54]} 48. Rd6 {[%clk 0:02:29]} Be8 {[%clk 0:01:39]} 0-1

[Event "2016 Redpath Mining Millionaire Chess Open"]
[Site "Venue: Old Ed’s Sports Complex, Houghton, Johannesburg"]
[Date "2016.07.17"]
[Round "9"]
[Board "8"]
[White "Avelino, Fernandes"]
[Black "Grobbelaar, Jacqui"]
[Result "1-0"]
[WhiteElo "2013"]
[BlackElo "1550"]
[PlyCount "0"]
[EventDate "2016.07.13"]
[EventRounds "9"]
[EventCountry "RSA"]

1. d4 {[%clk 1:27:24]} d5 {[%clk 1:30:39]} 2. c4 {[%clk 1:27:45]} c6
{[%clk 1:31:00]} 3. Nc3 {[%clk 1:27:33]} Nf6 {[%clk 1:31:23]} 4. h4
{[%clk 1:27:44]} h6 {[%clk 1:31:19]} 5. Qb3 {[%clk 1:27:31]} e6 {[%clk 1:31:30]}
6. Nf3 {[%clk 1:27:41]} Nbd7 {[%clk 1:31:47]} 7. Bf4 {[%clk 1:27:43]} Qa5
{[%clk 1:30:38]} 8. O-O-O {[%clk 1:26:47]} Bb4 {[%clk 1:24:33]} 9. Nd2
{[%clk 1:23:52]} b5 {[%clk 1:19:40]} 10. c5 {[%clk 1:22:50]} Ng4 {[%clk 1:18:24]}
11. Bg3 {[%clk 1:21:01]} e5 {[%clk 1:18:32]} 12. a3 {[%clk 1:21:09]} Bxc3
{[%clk 1:16:54]} 13. Qxc3 {[%clk 1:21:19]} Qxc3+ {[%clk 1:10:05]} 14. bxc3
{[%clk 1:21:30]} f5 {[%clk 1:10:00]} 15. f3 {[%clk 1:19:41]} Ne3 {[%clk 1:08:27]}
16. Re1 {[%clk 1:19:34]} f4 {[%clk 1:07:53]} 17. Bf2 {[%clk 1:17:11]} O-O
{[%clk 1:04:08]} 18. g3 {[%clk 1:17:27]} exd4 {[%clk 1:04:28]} 19. cxd4
{[%clk 1:17:15]} Nc4 {[%clk 1:04:50]} 20. a4 {[%clk 1:17:22]} Nxd2
{[%clk 1:03:41]} 21. Kxd2 {[%clk 1:17:32]} b4 {[%clk 1:03:54]} 22. a5
{[%clk 1:17:46]} Ba6 {[%clk 1:03:11]} 23. Rb1 {[%clk 1:16:19]} Rab8
{[%clk 0:59:22]} 24. e4 {[%clk 1:15:37]} fxe3+ {[%clk 0:59:23]} 25. Bxe3
{[%clk 1:15:36]} Bxf1 {[%clk 0:59:37]} 26. Rhxf1 {[%clk 1:15:56]} Rb5
{[%clk 0:59:10]} 27. Bf4 {[%clk 1:16:03]} Rxa5 {[%clk 0:59:02]} 28. Rxb4
{[%clk 1:16:14]} Ra2+ {[%clk 0:59:25]} 29. Kc3 {[%clk 1:16:27]} g5
{[%clk 0:56:12]} 30. hxg5 {[%clk 1:15:30]} hxg5 {[%clk 0:56:33]} 31. Bxg5
{[%clk 1:15:53]} Ra3+ {[%clk 0:56:58]} 32. Rb3 {[%clk 1:16:12]} Rxb3+
{[%clk 0:56:39]} 33. Kxb3 {[%clk 1:16:27]} Rb8+ {[%clk 0:57:07]} 34. Kc3
{[%clk 1:16:23]} a5 {[%clk 0:57:25]} 35. Bf4 {[%clk 1:16:27]} Rb7
{[%clk 0:56:33]} 36. Ra1 {[%clk 1:16:32]} Ra7 {[%clk 0:56:58]} 37. Ra4
{[%clk 1:16:47]} Kf7 {[%clk 0:56:28]} 38. Bd2 {[%clk 1:16:49]} Nf6
{[%clk 0:53:43]} 39. g4 {[%clk 1:16:59]} Ke6 {[%clk 0:53:41]} 40. Kd3
{[%clk 1:17:09]} Rh7 {[%clk 0:53:56]} 41. Rxa5 {[%clk 1:15:34]} Rh3
{[%clk 0:54:16]} 42. Ke2 {[%clk 1:15:36]} Rh2+ {[%clk 0:54:30]} 43. Ke3
{[%clk 1:15:48]} Rh3 {[%clk 0:54:45]} 44. Kf4 {[%clk 1:15:41]} Rh2
{[%clk 0:53:37]} 45. Be3 {[%clk 1:16:00]} Re2 {[%clk 0:53:53]} 46. Ra7
{[%clk 1:16:00]} Nd7 {[%clk 0:54:02]} 47. Rc7 {[%clk 1:15:56]} Nf8
{[%clk 0:54:01]} 48. Rxc6+ {[%clk 1:15:38]} Kf7 {[%clk 0:54:21]} 49. Bc1
{[%clk 1:15:06]} Ne6+ {[%clk 0:54:24]} 50. Rxe6 {[%clk 1:11:39]} Rxe6
{[%clk 0:53:06]} 51. Kg3 {[%clk 1:11:42]} Re1 {[%clk 0:53:10]} 52. Bf4
{[%clk 1:10:44]} Rd1 {[%clk 0:53:10]} 53. Be5 {[%clk 1:10:57]} Rc1
{[%clk 0:52:49]} 54. f4 {[%clk 1:10:36]} Kg6 {[%clk 0:53:01]} 55. f5+
{[%clk 1:10:36]} Kf7 {[%clk 0:53:26]} 56. g5 {[%clk 1:09:19]} Rf1
{[%clk 0:52:22]} 57. g6+ {[%clk 1:09:24]} Kg8 {[%clk 0:52:26]} 58. Kg4
{[%clk 1:09:30]} Rg1+ {[%clk 0:52:44]} 59. Kf4 {[%clk 1:09:23]} Ra1
{[%clk 0:51:16]} 60. c6 {[%clk 1:09:38]} Ra8 {[%clk 0:51:36]} 61. f6
{[%clk 1:09:46]} Rc8 {[%clk 0:50:49]} 62. f7+ {[%clk 1:09:50]} Kf8
{[%clk 0:51:11]} 63. Bd6+ {[%clk 1:10:02]} Kg7 {[%clk 0:51:35]} 64. f8=Q+
{[%clk 1:10:04]} Rxf8+ {[%clk 0:51:41]} 65. Bxf8+ {[%clk 1:10:20]} Kxf8
{[%clk 0:52:08]} 66. c7 {[%clk 1:10:39]} Kg7 {[%clk 0:52:36]} 67. Kf5
{[%clk 1:10:54]} Kh6 {[%clk 0:52:49]} 68. c8=Q {[%clk 1:10:53]} Kg7
{[%clk 0:53:15]} 69. Qd7+ {[%clk 1:10:53]} 1-0

[Event "2016 Redpath Mining Millionaire Chess Open"]
[Site "Venue: Old Ed’s Sports Complex, Houghton, Johannesburg"]
[Date "2016.07.17"]
[Round "9"]
[Board "9"]
[White "Molebatsi, Teboho"]
[Black "Correia, Adelino"]
[Result "1-0"]
[WhiteElo "1734"]
[BlackElo "1649"]
[PlyCount "0"]
[EventDate "2016.07.13"]
[EventRounds "9"]
[EventCountry "RSA"]

1. e4 {[%clk 1:30:47]} Nf6 {[%clk 1:29:22]} 2. e5 {[%clk 1:31:08]} Nd5
{[%clk 1:29:39]} 3. d4 {[%clk 1:31:32]} e6 {[%clk 1:29:33]} 4. f4
{[%clk 1:30:38]} c5 {[%clk 1:30:00]} 5. c4 {[%clk 1:29:56]} Nb6 {[%clk 1:30:27]}
6. d5 {[%clk 1:29:46]} exd5 {[%clk 1:30:35]} 7. cxd5 {[%clk 1:30:09]} d6
{[%clk 1:30:51]} 8. Nc3 {[%clk 1:30:09]} dxe5 {[%clk 1:30:44]} 9. fxe5
{[%clk 1:30:23]} Qh4+ {[%clk 1:31:11]} 10. g3 {[%clk 1:30:38]} Qd4
{[%clk 1:31:17]} 11. Bf4 {[%clk 1:30:04]} g5 {[%clk 1:30:58]} 12. Bxg5
{[%clk 1:30:06]} Bg4 {[%clk 1:30:39]} 13. Qxd4 {[%clk 1:29:59]} cxd4
{[%clk 1:31:06]} 14. Nb5 {[%clk 1:30:19]} Nxd5 {[%clk 1:31:25]} 15. Bg2
{[%clk 1:29:47]} Bb4+ {[%clk 1:31:48]} 16. Bd2 {[%clk 1:29:32]} Ne3
{[%clk 1:29:10]} 17. Bxb4 {[%clk 1:26:30]} Nc2+ {[%clk 1:29:38]} 18. Kd2
{[%clk 1:26:31]} Nc6 {[%clk 1:29:32]} 19. Bxc6+ {[%clk 1:26:46]} bxc6
{[%clk 1:30:01]} 20. Nd6+ {[%clk 1:26:42]} Kd7 {[%clk 1:30:15]} 21. Kxc2
{[%clk 1:27:02]} f6 {[%clk 1:30:44]} 22. exf6 {[%clk 1:27:08]} a5
{[%clk 1:31:05]} 23. Bc5 {[%clk 1:27:05]} Ke6 {[%clk 1:31:18]} 24. h3
{[%clk 1:25:38]} Bh5 {[%clk 1:31:47]} 25. Rf1 {[%clk 1:25:28]} Bg6+
{[%clk 1:32:13]} 26. Kd2 {[%clk 1:25:35]} Kd5 {[%clk 1:27:12]} 27. Ba3
{[%clk 1:25:00]} c5 {[%clk 1:27:41]} 28. Nf5 {[%clk 1:25:09]} c4 {[%clk 1:21:36]}
29. Ne7+ {[%clk 1:25:04]} Ke6 {[%clk 1:21:21]} 30. Nxg6 {[%clk 1:25:14]} hxg6
{[%clk 1:21:49]} 31. f7 {[%clk 1:25:29]} Rhc8 {[%clk 1:22:14]} 32. f8=Q
{[%clk 1:25:35]} c3+ {[%clk 1:22:42]} 33. bxc3 {[%clk 1:25:52]} dxc3+
{[%clk 1:23:03]} 34. Kc2 {[%clk 1:26:08]} Rxf8 {[%clk 1:23:29]} 35. Rxf8
{[%clk 1:26:28]} Ra7 {[%clk 1:23:57]} 1-0

[Event "2016 Redpath Mining Millionaire Chess Open"]
[Site "Venue: Old Ed’s Sports Complex, Houghton, Johannesburg"]
[Date "2016.07.17"]
[Round "9"]
[Board "10"]
[White "Dykema, Dirkho"]
[Black "Jacobs, Cavan"]
[Result "1-0"]
[WhiteElo "1425"]
[BlackElo "1697"]
[PlyCount "0"]
[EventDate "2016.07.13"]
[EventRounds "9"]
[EventCountry "RSA"]

1. d4 {[%clk 1:30:32]} Nf6 {[%clk 1:30:55]} 2. c4 {[%clk 1:30:59]} g6
{[%clk 1:31:20]} 3. Nc3 {[%clk 1:31:24]} Bg7 {[%clk 1:31:45]} 4. Bf4
{[%clk 1:31:51]} d6 {[%clk 1:32:06]} 5. Nf3 {[%clk 1:32:16]} O-O {[%clk 1:32:21]}
6. e3 {[%clk 1:32:40]} Nc6 {[%clk 1:31:59]} 7. Be2 {[%clk 1:32:24]} Nh5
{[%clk 1:32:15]} 8. Bg5 {[%clk 1:32:46]} h6 {[%clk 1:32:17]} 9. Bh4
{[%clk 1:33:13]} g5 {[%clk 1:32:11]} 10. Nd2 {[%clk 1:33:37]} gxh4
{[%clk 1:29:25]} 11. Bxh5 {[%clk 1:33:58]} e5 {[%clk 1:28:44]} 12. d5
{[%clk 1:31:15]} Ne7 {[%clk 1:25:51]} 13. Qe2 {[%clk 1:29:06]} f5
{[%clk 1:23:02]} 14. e4 {[%clk 1:29:18]} f4 {[%clk 1:21:31]} 15. O-O-O
{[%clk 1:29:24]} Kh7 {[%clk 1:19:20]} 16. Nb3 {[%clk 1:24:14]} a5
{[%clk 1:18:33]} 17. Qd3 {[%clk 1:21:24]} Ng8 {[%clk 1:17:30]} 18. Rhg1
{[%clk 1:18:21]} Nf6 {[%clk 1:15:30]} 19. Be2 {[%clk 1:18:39]} a4
{[%clk 1:15:14]} 20. Nd2 {[%clk 1:19:01]} Nd7 {[%clk 1:15:19]} 21. g3
{[%clk 1:16:26]} Nc5 {[%clk 1:14:20]} 22. Qc2 {[%clk 1:16:24]} Bh3
{[%clk 1:04:31]} 23. g4 {[%clk 1:15:27]} c6 {[%clk 0:58:11]} 24. f3
{[%clk 1:15:36]} b5 {[%clk 0:55:29]} 25. cxb5 {[%clk 1:13:40]} cxb5
{[%clk 0:55:46]} 26. Bxb5 {[%clk 1:13:52]} Qb8 {[%clk 0:51:30]} 27. Bc6
{[%clk 1:13:19]} Ra6 {[%clk 0:49:57]} 28. Rde1 {[%clk 1:13:46]} Qb4
{[%clk 0:49:00]} 29. Nd1 {[%clk 1:11:08]} Qd4 {[%clk 0:47:55]} 30. Bb5
{[%clk 1:10:37]} Rb6 {[%clk 0:48:03]} 31. Bc4 {[%clk 1:09:04]} Rfb8
{[%clk 0:47:18]} 32. Qc3 {[%clk 1:09:05]} Qxc3+ {[%clk 0:42:43]} 33. bxc3
{[%clk 1:08:45]} a3 {[%clk 0:40:25]} 34. Kc2 {[%clk 1:06:24]} Na4
{[%clk 0:37:48]} 35. Bb3 {[%clk 1:06:00]} Nc5 {[%clk 0:36:44]} 36. Nf2
{[%clk 1:06:15]} Bxg4 {[%clk 0:34:38]} 37. Rxg4 {[%clk 1:05:32]} Bf6
{[%clk 0:34:50]} 38. Reg1 {[%clk 1:05:23]} Bg5 {[%clk 0:34:30]} 39. Nh3
{[%clk 1:05:06]} Rg8 {[%clk 0:34:44]} 40. Nxg5+ {[%clk 1:05:25]} hxg5
{[%clk 0:34:59]} 41. Rxg5 {[%clk 1:05:51]} Rxg5 {[%clk 0:34:21]} 42. Rxg5
{[%clk 1:06:14]} Kh6 {[%clk 0:34:41]} 43. Rg8 {[%clk 1:05:59]} Ra6
{[%clk 0:33:34]} 44. Nc4 {[%clk 1:04:56]} Kh5 {[%clk 0:31:48]} 45. h3
{[%clk 1:03:21]} Nb7 {[%clk 0:30:25]} 46. Rg7 {[%clk 1:03:43]} Nc5
{[%clk 0:30:29]} 47. Rg8 {[%clk 1:03:14]} Nb7 {[%clk 0:30:46]} 48. Rb8
{[%clk 1:03:22]} Ra7 {[%clk 0:30:47]} 49. Nxa3 {[%clk 1:01:10]} Nc5
{[%clk 0:30:48]} 50. Nb5 {[%clk 1:01:11]} Rg7 {[%clk 0:30:41]} 51. Rh8+
{[%clk 1:01:08]} Kg5 {[%clk 0:30:45]} 52. Nxd6 {[%clk 1:01:28]} Kf6
{[%clk 0:30:48]} 53. Ne8+ {[%clk 1:01:53]} Kf7 {[%clk 0:30:12]} 54. Nxg7
{[%clk 1:01:47]} Kxg7 {[%clk 0:30:19]} 55. Rxh4 {[%clk 1:02:10]} Kf6
{[%clk 0:30:23]} 56. Rh8 {[%clk 1:02:29]} Nd7 57. h4 {[%clk 1:02:45]} Kg6
{[%clk 0:30:04]} 58. a4 {[%clk 1:03:08]} Nf6 {[%clk 0:29:51]} 59. a5
{[%clk 1:03:31]} Kg7 {[%clk 0:30:11]} 60. Rb8 {[%clk 1:03:54]} Nh5
{[%clk 0:30:12]} 61. a6 {[%clk 1:04:18]} Ng3 {[%clk 0:30:10]} 62. a7
{[%clk 1:04:42]} Nf1 {[%clk 0:30:28]} 63. a8=Q {[%clk 1:04:58]} Ne3+
{[%clk 0:30:47]} 64. Kd3 {[%clk 1:05:22]} Kf6 {[%clk 0:31:01]} 65. Qa6+
{[%clk 1:05:48]} 1-0

[Event "2016 Redpath Mining Millionaire Chess Open"]
[Site "Venue: Old Ed’s Sports Complex, Houghton, Johannesburg"]
[Date "2016.07.17"]
[Round "9"]
[Board "11"]
[White "Claassen, Jean-Daniel"]
[Black "Priyanshu, Srivastava"]
[Result "0-1"]
[WhiteElo "1436"]
[BlackElo "1878"]
[PlyCount "0"]
[EventDate "2016.07.13"]
[EventRounds "9"]
[EventCountry "RSA"]

1. d4 d5 2. Nf3 Nf6 3. e3 e6 4. Bd3 Nbd7 5. Nbd2 Be7 6. b3 O-O 7. Bb2 c5 8. O-O
b6 9. Ne5 Bb7 10. f4 Ne4 11. Rf3 cxd4 12. exd4 f5 13. Rh3 Nxe5 14. fxe5 g6 15.
Qc1 Bg5 16. Bxe4 fxe4 17. Ba3 Rf5 18. Qd1 Ba6 19. c4 Qe8 20. cxd5 exd5 21. Rc3
Qf7 22. h3 Rf2 23. Rc2 Re2 24. Nxe4 Rxe4 25. Bd6 Rc8 26. Rxc8+ Bxc8 27. Qd3 Be3+
28. Kh1 Bf2 29. Rf1 Re3 30. Qc2 Rxh3+ 31. gxh3 Qf3+ 32. Kh2 Qxh3# 0-1

[Event "2016 Redpath Mining Millionaire Chess Open"]
[Site "Venue: Old Ed’s Sports Complex, Houghton, Johannesburg"]
[Date "2016.07.17"]
[Round "9"]
[Board "12"]
[White "Jurgens, John C."]
[Black "Ndlovu, Talia"]
[Result "1-0"]
[WhiteElo "1714"]
[BlackElo "1203"]
[PlyCount "0"]
[EventDate "2016.07.13"]
[EventRounds "9"]
[EventCountry "RSA"]

1. c4 {[%clk 1:30:56]} c6 {[%clk 1:29:33]} 2. Nc3 {[%clk 1:30:44]} d5
{[%clk 1:29:41]} 3. d4 {[%clk 1:30:15]} Bf5 {[%clk 1:29:42]} 4. cxd5
{[%clk 1:29:46]} cxd5 {[%clk 1:29:49]} 5. Nf3 {[%clk 1:30:08]} Nc6
{[%clk 1:29:51]} 6. Bf4 {[%clk 1:22:52]} Nf6 {[%clk 1:26:35]} 7. e3
{[%clk 1:22:50]} Nh5 {[%clk 1:25:49]} 8. Bg3 {[%clk 1:22:59]} Nxg3
{[%clk 1:25:06]} 9. hxg3 {[%clk 1:23:21]} h6 {[%clk 1:24:25]} 10. Bd3
{[%clk 1:18:52]} Bg4 {[%clk 1:23:18]} 11. Qa4 {[%clk 1:17:51]} Bxf3
{[%clk 1:22:51]} 12. gxf3 {[%clk 1:18:14]} e6 {[%clk 1:23:04]} 13. Bb5 Qc7
{[%clk 1:19:34]} 14. Rc1 {[%clk 1:14:21]} a6 {[%clk 1:19:36]} 15. Bxc6+
{[%clk 1:14:24]} Qxc6 {[%clk 1:17:32]} 16. Qxc6+ {[%clk 1:14:34]} bxc6
{[%clk 1:17:55]} 17. Na4 {[%clk 1:14:29]} Bb4+ {[%clk 1:17:15]} 18. Ke2
{[%clk 1:14:51]} O-O {[%clk 1:17:01]} 19. Rxc6 {[%clk 1:14:45]} Rfc8
{[%clk 1:17:04]} 20. Rhc1 {[%clk 1:14:39]} Rxc6 {[%clk 1:15:49]} 21. Rxc6
{[%clk 1:13:05]} a5 {[%clk 1:15:32]} 22. Nc5 {[%clk 1:12:12]} Rb8
{[%clk 1:14:20]} 23. Na6 {[%clk 1:11:09]} Rb7 {[%clk 1:13:01]} 24. Rc8+
{[%clk 1:11:03]} Kh7 {[%clk 1:12:59]} 25. Rb8 {[%clk 1:11:11]} Rxb8
{[%clk 1:12:24]} 26. Nxb8 {[%clk 1:11:33]} a4 {[%clk 1:10:40]} 27. a3
{[%clk 1:10:21]} Ba5 {[%clk 1:09:15]} 28. Na6 {[%clk 1:10:21]} g5
{[%clk 1:09:19]} 29. Nc5 {[%clk 1:10:40]} h5 {[%clk 1:09:41]} 30. Nxa4
{[%clk 1:10:41]} h4 {[%clk 1:10:01]} 31. Kf1 {[%clk 1:10:12]} h3 {[%clk 1:10:22]}
32. b4 {[%clk 1:10:35]} Bc7 {[%clk 1:10:25]} 33. Kg1 {[%clk 1:10:56]} Kg8
{[%clk 1:10:05]} 34. Kh2 {[%clk 1:10:23]} Kf8 {[%clk 1:10:06]} 35. Kxh3
{[%clk 1:10:47]} Ke7 {[%clk 1:10:30]} 36. Kg4 {[%clk 1:10:41]} f6
{[%clk 1:10:55]} 37. f4 {[%clk 1:10:30]} e5 {[%clk 1:09:53]} 38. fxe5
{[%clk 1:10:17]} fxe5 {[%clk 1:09:35]} 39. dxe5 {[%clk 1:10:36]} Bxe5
{[%clk 1:09:57]} 40. Kxg5 {[%clk 1:10:56]} d4 {[%clk 1:09:51]} 41. exd4
{[%clk 1:11:15]} Bxd4 {[%clk 1:10:15]} 42. f4 {[%clk 1:11:37]} Bf6+
{[%clk 1:10:01]} 43. Kf5 {[%clk 1:11:54]} Kd6 1-0

[Event "2016 Redpath Mining Millionaire Chess Open"]
[Site "Venue: Old Ed’s Sports Complex, Houghton, Johannesburg"]
[Date "2016.07.17"]
[Round "9"]
[Board "13"]
[White "Baxter, David Jarred"]
[Black "Schmidt, Nadia Esmeralda"]
[Result "1-0"]
[WhiteElo "1662"]
[BlackElo "1394"]
[PlyCount "0"]
[EventDate "2016.07.13"]
[EventRounds "9"]
[EventCountry "RSA"]

1. e4 {[%clk 1:30:53]} g6 {[%clk 1:30:50]} 2. d4 {[%clk 1:31:18]} Bg7
{[%clk 1:31:11]} 3. Nc3 {[%clk 1:31:34]} c6 {[%clk 1:31:28]} 4. f4
{[%clk 1:31:01]} d5 {[%clk 1:31:27]} 5. e5 {[%clk 1:31:04]} h5 {[%clk 1:31:27]}
6. Nf3 {[%clk 1:31:12]} Bg4 {[%clk 1:31:30]} 7. Be3 {[%clk 1:29:45]} Nh6
{[%clk 1:31:32]} 8. Bd3 {[%clk 1:29:31]} e6 {[%clk 1:29:55]} 9. h3
{[%clk 1:24:36]} Bxf3 {[%clk 1:30:03]} 10. Qxf3 {[%clk 1:24:49]} Nf5
{[%clk 1:27:06]} 11. Bf2 {[%clk 1:23:51]} h4 {[%clk 1:24:58]} 12. O-O-O
{[%clk 1:21:31]} Nd7 {[%clk 1:23:01]} 13. Ne2 {[%clk 1:19:24]} b5
{[%clk 1:20:45]} 14. Bxf5 {[%clk 1:19:34]} exf5 {[%clk 1:20:39]} 15. g4
{[%clk 1:18:39]} hxg3 {[%clk 1:18:17]} 16. Nxg3 {[%clk 1:17:08]} a5
{[%clk 1:15:29]} 17. Rdg1 {[%clk 1:14:22]} Bf8 {[%clk 1:14:22]} 18. h4
{[%clk 1:13:20]} Rxh4 {[%clk 1:03:54]} 19. Rxh4 {[%clk 1:12:05]} Qxh4
{[%clk 1:03:24]} 20. Nxf5 {[%clk 1:12:23]} Qd8 {[%clk 1:02:06]} 21. Bh4
{[%clk 1:04:07]} Qb6 {[%clk 0:55:22]} 22. e6 {[%clk 1:01:41]} gxf5
{[%clk 0:51:16]} 23. exf7+ {[%clk 1:01:45]} Kxf7 {[%clk 0:50:23]} 24. Qh5+
{[%clk 1:01:57]} Ke6 {[%clk 0:50:17]} 25. Rg6+ {[%clk 0:54:30]} Kf7
{[%clk 0:48:54]} 26. Qh7+ {[%clk 0:54:25]} Bg7 {[%clk 0:48:28]} 27. Qxg7+
{[%clk 0:54:33]} Ke8 {[%clk 0:48:42]} 28. Re6# 1-0

[Event "2016 Redpath Mining Millionaire Chess Open"]
[Site "Venue: Old Ed’s Sports Complex, Houghton, Johannesburg"]
[Date "2016.07.17"]
[Round "9"]
[Board "14"]
[White "Nyathi, Musa"]
[Black "Oberholzer, Imarie"]
[Result "1/2-1/2"]
[WhiteElo "1366"]
[BlackElo "1504"]
[PlyCount "0"]
[EventDate "2016.07.13"]
[EventRounds "9"]
[EventCountry "RSA"]

1. d4 {[%clk 1:08:10]} Nf6 {[%clk 1:30:41]} 2. Nc3 {[%clk 1:08:14]} c5
{[%clk 1:30:27]} 3. dxc5 {[%clk 1:08:23]} Nc6 {[%clk 1:30:31]} 4. Bf4
{[%clk 1:08:36]} g6 {[%clk 1:27:41]} 5. Nf3 {[%clk 1:07:55]} Bg7 {[%clk 1:27:25]}
6. e4 {[%clk 1:07:51]} Qa5 {[%clk 1:26:26]} 7. Bd3 {[%clk 1:07:33]} Qxc5
{[%clk 1:25:01]} 8. Qd2 {[%clk 1:07:39]} O-O {[%clk 1:23:56]} 9. O-O
{[%clk 1:07:54]} d6 {[%clk 1:22:51]} 10. Rad1 {[%clk 1:08:00]} Bg4
{[%clk 1:21:00]} 11. Be2 {[%clk 1:07:45]} Qb4 {[%clk 1:18:37]} 12. h3
{[%clk 1:06:29]} Bd7 {[%clk 1:14:42]} 13. e5 {[%clk 1:02:57]} dxe5
{[%clk 1:13:26]} 14. Nxe5 {[%clk 0:57:45]} Nxe5 {[%clk 1:13:26]} 15. Bxe5
{[%clk 0:58:10]} Rad8 {[%clk 1:12:48]} 16. Qc1 {[%clk 0:52:29]} Bf5
{[%clk 1:10:05]} 17. Bxf6 {[%clk 0:51:09]} Bxf6 {[%clk 1:09:58]} 18. Nd5
{[%clk 0:51:24]} Qc5 {[%clk 1:05:55]} 19. Nxf6+ {[%clk 0:47:34]} exf6
{[%clk 1:06:11]} 20. c3 {[%clk 0:47:13]} Rfe8 {[%clk 1:04:27]} 1/2-1/2